| 000 | nam a22 a 4500 | ||
|---|---|---|---|
| 999 |
_c3424 _d3424 |
||
| 003 | AKMAL | ||
| 005 | 20170522163942.0 | ||
| 008 | 170522s1995 my 00 may d | ||
| 020 |
_a9836240543 (kkt.): _cRM 40.00 |
||
| 040 | _aAKMAL | ||
| 082 | 0 | 4 | _a658.3 CAS |
| 090 |
_a658.3 _bCAS |
||
| 100 | 1 |
_aCascio, Wayne F. _96901 |
|
| 245 | 1 | 0 |
_aPengurusan sumber manusia : _bproduktiviti,kualiti kehidupan bekerja,keuntungan / _cWayne F.Cascio ; penterjemah Mohamad Salmi Mohd Sohod, Siti Nadzrah Sheikh Omar |
| 260 |
_aKuala Lumpur : _bDewan Bahasa dan Pustaka, _c1995 |
||
| 300 |
_axxxii, 687ms. : _bil. ; _c24cm |
||
| 500 | _aTerjemahan dari: Managing human resources:Productivuty, quality of work life, profits, 2nd. ed. - New York:Mc.Graw-Hill, 1989 | ||
| 504 | _aMengandungi rujukan bibliografi | ||
| 650 |
_aPersonnel management _9602 |
||
| 700 | 0 |
_aMohamad Salmi Mohd. Sohod _96902 |
|
| 700 | 0 |
_aSiti Nadzrah Sheikh Omar _96074 |
|
| 942 |
_2ddc _cBOOK |
||